01314nam a2200253 a 4500001001000000005001700010008004100027041000800068044000700076084002100083100004500104245009500149260005800244300002400302500010200326500011000428500022800538500005700766650005200823650005600875650003400931650004500965740005001010BRCA_278820190320203953.0081208s1904----sp-a---###---#000-0#spa-u aspa asp a249b.H477c19041 aCervantes Saavedra, Miguel ded1547-161610aEl Ingenioso Hidalgo Don Quijote de la Manchaccompuesto por Miguel de Cervantes Saavedra. aMadridbLibrería de los sucesores de Hernandoc1904 a512 p.bil.c19 cm. aContenido : Primera parte. Prólogo del editor. Texto. Segunda parte. Prólogo del autor. Texto aEdición : Compendiado para que sirva de libro de lectura en las escuelas, por un apasionado de su autor aEs un compendio, para que sirva de lectura en las escuelas, hecho desde el punto de vista de la moral eclesiástica, por Fernando de Castro. Semitela; cubiertas decoradas con motivos quijotiles y escolares Lúdovik Osterc aEstado físico : Cubiertas ligeramente desprendidas14aNovela españolayÉpoca clásica, 1500-170014aLiteratura españolayÉpoca clásica, 1500-170014aNovela españolaySiglo XVII14aDon Quijote (Personaje ficticio)eNovela0 aEl Ingenioso Hidalgo Don Quijote de la Mancha